Loading...
| Pop Culture | 0 | 2 | 0 | 0 | 20 | 32 | 62.00 | 1 | 2 | 31.10 | 53.33 |
| Religion | 0 | 2 | 0 | 1 | 20 | 30 | 51.50 | 1 | 2 | 13.84 | 22.50 |
| History - World | 0 | 2 | 0 | 1 | 20 | 75 | 88.50 | 0 | 0 | 4.68 | 10.00 |
| Literature - American | 0 | 1 | 0 | 1 | 10 | 106 | 106.00 | 0 | 0 | 0.00 | 3.13 |
| Literature - British | 0 | 1 | 0 | 0 | 10 | 111 | 111.00 | 0 | 1 | 0.11 | 6.25 |
| Literature - World | 0 | 1 | 0 | 0 | 10 | 89 | 89.00 | 0 | 0 | 2.74 | 2.50 |
| Mythology | 0 | 1 | 0 | 1 | 10 | 121 | 121.00 | 0 | 0 | 0.10 | 2.50 |
| Painting/Sculpture | 0 | 1 | 0 | 1 | 10 | 98 | 98.00 | 0 | 1 | 0.13 | 5.00 |
| Science - Biology | 0 | 1 | 0 | 0 | 10 | 52 | 52.00 | 0 | 1 | 5.51 | 7.50 |
| Current Events | 0 | 1 | 0 | 1 | 10 | 109 | 109.00 | 0 | 1 | 0.00 | 10.00 |
| Fine Arts - Other | 0 | 1 | 0 | 1 | 10 | 82 | 82.00 | 0 | 1 | 3.51 | 5.00 |
| History - American | 0 | 1 | 0 | 0 | 10 | 87 | 87.00 | 0 | 0 | 1.29 | 2.50 |
| Science - Other | 0 | 0 | 1 | 0 | -5 | 0.00 | 0 | 0 | 0.00 | 0.00 |